| 000 | 01024nam a22003137a 4500 | ||
|---|---|---|---|
| 001 | BR7100156 | ||
| 003 | BR-BrBNA | ||
| 005 | 20230928083638.0 | ||
| 007 | ta | ||
| 008 | 230509b bl.||||| |||| 00| 0 por d | ||
| 040 |
_aBR-BrBNA _bpor _cBiblioteca Nacional de Agricultura |
||
| 041 | _a(Por) | ||
| 072 |
_aF60; F00 _b1420 |
||
| 090 | _ 1420 BR7100156 | ||
| 100 | 1 | _aBrandes, D. | |
| 110 | 1 |
_aUniversidade Federal de Vicosa, MG (Brasil) _0Tese (Magister Scientiae) |
|
| 245 | 1 | _aAnalise e crescimento do feijoeiro (Phaseolus vulgaris L.): efeito da densidade e da epoca de plantio | |
| 260 | 3 |
_aVicosa, MG (Brasil): _c1971. |
|
| 300 | _a115 p. | ||
| 500 | _a6 tables; 62 graphs; 39 ref.; Summary (Por). (*) Documento disponível na(o) Universidade Federal de Vicosa, MG (Brazil) | ||
| 650 | _aFisiologia vegetal | ||
| 650 | _aProducao vegetal | ||
| 650 | _aFeijao | ||
| 650 | _aCrescimento | ||
| 650 | _aPlantio | ||
| 650 | _aDensidade de plantio | ||
| 909 |
_a202309 _bLucia _c55 _dLucia Elande |
||
| 942 | _cBK | ||
| 999 |
_c14614 _d14614 |
||